=LDR 00000nam 2200000 4500 =001 INLIS000000000023115 =005 20130612121813 =008 ***********************************Ind** =035 ##$$0010-061300000023115 =041 ##$$a Ind =082 ##$$a 537 =090 ##$$a 537, Woo-j =100 ##$$a Woodford, Chris =245 ##$$a Jejak sejarah sains, Listrik, Chris Woodford ; Alih Bahasa, YosephineRatih Ismayanthi =260 ##$$a 2006 $b Jakarta =300 ##$$a 40 hlm., ilus., 25 cm =650 ##$$a Listrik =700 ##$$a Ismayanti, Yosephine Ratih =850 ##$$a NBPNMAT =990 ##$$a 0001/BPAP-NTB/20142015